000 01022nam a22002535i 4500
001 175087
003 ES-MaACL
005 20250815103924.0
008 101005s1951 sp |||| | spa d
080 _a535.33
080 _a539.1
100 0 _aMorcillo Rubio, Jesús.
_983191
245 1 0 _a[Aspectos actuales de la espectroscopía molecular /
_cpor Jesús Morcillo Rubio y Juan F. García de la Banda].
260 _a[Madrid :
_bInstituto "A. de G. Rocasolano" de Química Física,
_c1951]
300 _a194 p. ;
_c26 cm.
490 1 _aMonografías de ciencia moderna ;
_v25
500 _aDatos tomados de la Biblioteca Nacional y del Consejo Superior de Investigaciones Científicas.
650 1 4 _aEspectroscopia molecular.
_9143452
700 1 _aGarcía de la Banda, Juan F.
_9143451
710 2 _aInstituto de Química Física "Rocasolano"
_94996
830 0 _aMonografías de ciencia moderna
_v25
_9189470
852 _aES-MaACL
_jE-13291
_xOlim P-555 bis
_q.- Falta la portada
999 _c175087
_d175087